[Event "Jakarta Indonesia op 2nd"]
[Site "Jakarta"]
[Date "2012.10.16"]
[Round "8"]
[White "Eshbaev, Avazbek"]
[Black "Sitanggang, Salor"]
[Result "0-1"]
[WhiteElo "2156"]
[BlackElo "2367"]
[PlyCount "100"]
[EventDate "2012.10.11"]
[EventType "swiss"]
[EventRounds "9"]
[EventCountry "INA"]
[SourceTitle "EXT 2013"]
[Source "ChessBase"]
[SourceDate "2012.11.22"]
[SourceVersion "1"]
[SourceVersionDate "2012.11.22"]
[SourceQuality "1"]

1. c4 Nf6 2. Nc3 g6 3. e4 d6 4. g3 c5 5. Bg2 Nc6 6. Nge2 Bg7 7. 0-0 0-0 8. d3 Nd4 9. h3 e5 10. f4 exf4 11. Nxf4 Be6 12. Be3 Nd7 13. Qd2 a6 14. Ncd5 Rb8 15. Nxe6 fxe6 16. Bg5 Qe8 17. Rxf8+ Bxf8 18. Nf6+ Nxf6 19. Bxf6 Bg7 20. Bxg7 Kxg7 21. e5 Qe7 22. Rf1 dxe5 23. Qe3 Qd6 24. Qg5 Nf5 25. g4 h6 26. Qd2 Qd4+ 27. Rf2 Nd6 28. Kh1 b6 29. Qe2 Rd8 30. Qf3 Qf4 31. Qxf4 exf4 32. Rxf4 Nf7 33. Bf1 Ne5 34. Re4 Kf6 35. Re3 b5 36. cxb5 axb5 37. a3 Rd4 38. Kg2 b4 39. Re4 bxa3 40. bxa3 Rd7 41. a4 g5 42. a5 Nxd3 43. Bxd3 Rxd3 44. Rc4 Rd2+ 45. Kf3 Rd3+ 46. Kg2 Rd2+ 47. Kf3 Rd3+ 48. Ke4 Rxh3 49. Rxc5 Rg3 50. a6 Rxg4+ 0-1

[Event "Jakarta Indonesia op 2nd"]
[Site "Jakarta"]
[Date "2012.10.15"]
[Round "6"]
[White "Bai, Jinshi"]
[Black "Sitanggang, Salor"]
[Result "1-0"]
[WhiteElo "2252"]
[BlackElo "2367"]
[PlyCount "71"]
[EventDate "2012.10.11"]
[EventType "swiss"]
[EventRounds "9"]
[EventCountry "INA"]
[SourceTitle "EXT 2013"]
[Source "ChessBase"]
[SourceDate "2012.11.22"]
[SourceVersion "1"]
[SourceVersionDate "2012.11.22"]
[SourceQuality "1"]

1. d4 Nf6 2. c4 g6 3. Nc3 Bg7 4. e4 d6 5. Nf3 0-0 6. Be2 Na6 7. 0-0 e5 8. Be3 Ng4 9. Bg5 Qe8 10. h3 h6 11. Bh4 Nf6 12. Bxf6 Bxf6 13. c5 Bg7 14. Bxa6 bxa6 15. Nd5 Qd8 16. dxe5 dxe5 17. Qa4 Rb8 18. b3 Rb5 19. Rad1 Bd7 20. Qxa6 Rxc5 21. Qxa7 Rc2 22. Ne3 Rc6 23. Nc4 Re8 24. Qa5 Qc8 25. Qd5 Re7 26. Nfxe5 Bxe5 27. Nxe5 Rd6 28. Qc5 Be6 29. Rxd6 cxd6 30. Qxc8+ Bxc8 31. Nc4 Ba6 32. Rc1 Rxe4 33. Nxd6 Re2 34. b4 Bd3 35. a4 Ra2 36. b5 1-0

[Event "Jakarta Indonesia op 2nd"]
[Site "Jakarta"]
[Date "2012.10.15"]
[Round "7"]
[White "Sitanggang, Salor"]
[Black "Pamungkas, Junaid Jaya"]
[Result "1-0"]
[WhiteElo "2367"]
[BlackElo "2221"]
[PlyCount "80"]
[EventDate "2012.10.11"]
[EventType "swiss"]
[EventRounds "9"]
[EventCountry "INA"]
[SourceTitle "EXT 2013"]
[Source "ChessBase"]
[SourceDate "2012.11.22"]
[SourceVersion "1"]
[SourceVersionDate "2012.11.22"]
[SourceQuality "1"]

1. d4 g6 2. c4 Bg7 3. Nc3 Nf6 4. Nf3 0-0 5. Bg5 d6 6. e3 c5 7. d5 a6 8. a4 e5 9. dxe6 Bxe6 10. Be2 Nc6 11. 0-0 Qc7 12. Bf4 Rad8 13. Ng5 Bf5 14. g4 Bc8 15. h3 Rfe8 16. Rc1 Nb4 17. Bf3 Qe7 18. Qd2 h6 19. Nge4 Nxe4 20. Nxe4 d5 21. cxd5 Rxd5 22. Nf6+ Bxf6 23. Bxd5 g5 24. Bd6 Qd8 25. Bg2 b6 26. a5 Re7 27. axb6 Rd7 28. Rxc5 Rxd6 29. Qxd6 Qxd6 30. Rxc8+ Kg7 31. b7 Be5 32. b8Q Qxb8 33. Rxb8 Bxb8 34. Rd1 a5 35. b3 Be5 36. Rd7 Bf6 37. Bd5 Nxd5 38. Rxd5 Bc3 39. Kf1 Kf6 40. Rc5 Bb4 1-0

[Event "Jakarta Indonesia op 2nd"]
[Site "Jakarta"]
[Date "2012.10.13"]
[Round "5"]
[White "Sitanggang, Salor"]
[Black "Ghaem Maghami, Ehsan"]
[Result "0-1"]
[WhiteElo "2367"]
[BlackElo "2557"]
[PlyCount "70"]
[EventDate "2012.10.11"]
[EventType "swiss"]
[EventRounds "9"]
[EventCountry "INA"]
[SourceTitle "EXT 2013"]
[Source "ChessBase"]
[SourceDate "2012.11.22"]
[SourceVersion "1"]
[SourceVersionDate "2012.11.22"]
[SourceQuality "1"]

1. c4 Nf6 2. Nc3 e5 3. g3 d5 4. cxd5 Nxd5 5. Qa4+ Bd7 6. Qb3 Nb6 7. Nf3 Nc6 8. Bg2 Be7 9. d3 g5 10. Be3 Be6 11. Qc2 g4 12. Nd2 h5 13. Nb3 Nd5 14. Bd2 Ndb4 15. Qd1 h4 16. a3 Nd5 17. 0-0 hxg3 18. hxg3 Nxc3 19. bxc3 Qd7 20. Rb1 Bxa3 21. c4 f5 22. Na5 Nd4 23. e3 Nf3+ 24. Bxf3 gxf3 25. Qxf3 e4 26. dxe4 Qh7 27. Qg2 fxe4 28. Rb5 0-0-0 29. Bc3 Bg4 30. Bxh8 Rxh8 31. f4 exf3 32. Rxf3 Bxf3 33. Qxf3 Qh2+ 34. Kf1 Rf8 35. Rf5 Qh3+ 0-1

[Event "Jakarta Indonesia op 1st"]
[Site "Jakarta"]
[Date "2011.10.17"]
[Round "7"]
[White "Paragua, Mark"]
[Black "Sitanggang, Salor"]
[Result "1-0"]
[WhiteElo "2533"]
[BlackElo "2376"]
[PlyCount "101"]
[EventDate "2011.10.13"]
[EventType "swiss"]
[EventRounds "9"]
[EventCountry "INA"]
[SourceTitle "EXT 2012"]
[Source "ChessBase"]
[SourceDate "2011.11.24"]
[SourceVersion "1"]
[SourceVersionDate "2011.11.24"]
[SourceQuality "1"]

1. d4 Nf6 2. c4 d6 3. Nf3 g6 4. Nc3 Bg7 5. e4 0-0 6. Be2 Na6 7. 0-0 e5 8. Be3 Ng4 9. Bg5 Qe8 10. c5 h6 11. Bh4 g5 12. Bg3 exd4 13. Nxd4 dxc5 14. Nf5 Bxf5 15. exf5 Nf6 16. Bxa6 bxa6 17. Qf3 Qb8 18. Be5 Re8 19. Bxf6 Bxf6 20. Nd5 Qd8 21. Rac1 Rb8 22. Rxc5 Rb5 23. Rxb5 axb5 24. Rd1 c6 25. Ne3 Qc7 26. Ng4 Bg7 27. f6 Bf8 28. g3 Re6 29. Qf5 Rd6 30. Re1 Rd5 31. Qf3 Qd7 32. h3 a5 33. Kg2 a4 34. Qe4 h5 35. Ne3 Rc5 36. Rd1 Qe6 37. Qf3 Bd6 38. a3 Kf8 39. Qxh5 Qxf6 40. Ng4 Qe6 41. Kf1 Qc4+ 42. Kg1 Qe6 43. Rd3 Kg7 44. Ne3 Be7 45. Kh2 Qg6 46. Qd1 Qf6 47. Qd2 Kf8 48. Ng4 Qf5 49. Qe2 Rc4 50. Ne3 Re4 51. Kg2 1-0

[Event "Jakarta Indonesia op 1st"]
[Site "Jakarta"]
[Date "2011.10.14"]
[Round "2"]
[White "Mareco, Sandro"]
[Black "Sitanggang, Salor"]
[Result "1-0"]
[WhiteElo "2597"]
[BlackElo "2376"]
[PlyCount "93"]
[EventDate "2011.10.13"]
[EventType "swiss"]
[EventRounds "9"]
[EventCountry "INA"]
[SourceTitle "EXT 2012"]
[Source "ChessBase"]
[SourceDate "2011.11.24"]
[SourceVersion "1"]
[SourceVersionDate "2011.11.24"]
[SourceQuality "1"]

1. d4 Nf6 2. c4 g6 3. Nc3 Bg7 4. e4 d6 5. Nf3 0-0 6. Be2 e5 7. 0-0 Na6 8. Re1 exd4 9. Nxd4 Nc5 10. Bf1 Re8 11. f3 a5 12. Ndb5 Ne6 13. Be3 Bf8 14. Qd2 c6 15. Nd4 a4 16. Nc2 Qa5 17. b4 Qc7 18. Rac1 Qe7 19. Bf2 Nh5 20. Ne3 Qg5 21. Kh1 a3 22. g3 Nc7 23. f4 Qh6 24. Ng2 Bh3 25. Bd4 Ne6 26. Be3 Qg7 27. Nh4 Bg4 28. Bg2 Be7 29. Nf3 Bf6 30. Ng1 Nc7 31. Nge2 Qf8 32. Bf2 Be6 33. Nd1 Bg7 34. Nd4 Nf6 35. h3 Bc8 36. Nb3 Bh8 37. g4 h6 38. Bg3 Nd7 39. Qd3 Na6 40. Qd2 Nc7 41. Nf2 Ra4 42. Nd3 Bg7 43. Bf2 Qe7 44. Qc2 Ra8 45. c5 Nb5 46. cxd6 Nxd6 47. e5 1-0

[Event "Jakarta Indonesia op 1st"]
[Site "Jakarta"]
[Date "2011.10.14"]
[Round "3"]
[White "Sitanggang, Salor"]
[Black "Panggabean, Hasian"]
[Result "1-0"]
[WhiteElo "2376"]
[BlackElo "2199"]
[PlyCount "61"]
[EventDate "2011.10.13"]
[EventType "swiss"]
[EventRounds "9"]
[EventCountry "INA"]
[SourceTitle "EXT 2012"]
[Source "ChessBase"]
[SourceDate "2011.11.24"]
[SourceVersion "1"]
[SourceVersionDate "2011.11.24"]
[SourceQuality "1"]

1. d4 d5 2. Nf3 Nf6 3. c4 c6 4. Qc2 g6 5. Bf4 Bg7 6. e3 0-0 7. Nc3 a6 8. Be2 e6 9. h3 Nbd7 10. 0-0 Re8 11. Bg3 dxc4 12. Bxc4 b5 13. Be2 Bb7 14. Rfd1 Qb6 15. a4 Rac8 16. a5 Qd8 17. b4 Qe7 18. Qb3 Nd5 19. Ne4 e5 20. dxe5 Nxe5 21. Nxe5 Bxe5 22. Bxe5 Qxe5 23. Bf3 Rcd8 24. Rac1 Ne7 25. Nc5 Bc8 26. Rb1 Bf5 27. Qb2 Qxb2 28. Rxb2 Ra8 29. Rd6 Ra7 30. Bxc6 Rc8 31. Bf3 1-0

[Event "Jakarta Indonesia op 1st"]
[Site "Jakarta"]
[Date "2011.10.13"]
[Round "1"]
[White "Sitanggang, Salor"]
[Black "Hidayat, Arifin"]
[Result "1-0"]
[WhiteElo "2376"]
[BlackElo "2159"]
[PlyCount "84"]
[EventDate "2011.10.13"]
[EventType "swiss"]
[EventRounds "9"]
[EventCountry "INA"]
[SourceTitle "EXT 2012"]
[Source "ChessBase"]
[SourceDate "2011.11.24"]
[SourceVersion "1"]
[SourceVersionDate "2011.11.24"]
[SourceQuality "1"]

1. d4 d6 2. Nf3 Bg4 3. c4 Nd7 4. g3 c6 5. Bg2 Ngf6 6. Nc3 e5 7. d5 c5 8. Nd2 h6 9. h3 Bh5 10. 0-0 Be7 11. Qe1 0-0 12. e4 Ne8 13. Qe3 Bg6 14. Qe2 a6 15. b3 Nc7 16. Bb2 Qe8 17. f4 f5 18. exf5 Rxf5 19. Be4 exf4 20. Bxf5 Bxf5 21. g4 Bg6 22. Nce4 b5 23. Qf2 bxc4 24. bxc4 Bxe4 25. Nxe4 Nb6 26. Qc2 Rb8 27. Rab1 Nd7 28. Bc3 Rxb1 29. Qxb1 Bf8 30. Rxf4 Ne5 31. Nd2 Ng6 32. Re4 Qf7 33. Qf1 Qxf1+ 34. Kxf1 Kf7 35. Nf3 Be7 36. Re1 Ne8 37. Rb1 Bf6 38. Rb7+ Kf8 39. Bd2 Be5 40. Ra7 Nf6 41. Rxa6 Ne4 42. Ke2 Bf4 1-0

[Event "Jakarta Telin op"]
[Site "Jakarta"]
[Date "2011.04.02"]
[Round "2"]
[White "Aulia, Medina Warda"]
[Black "Sitanggang, Salor"]
[Result "1/2-1/2"]
[WhiteElo "2035"]
[BlackElo "2383"]
[PlyCount "53"]
[EventDate "2011.04.01"]
[EventType "swiss"]
[EventRounds "9"]
[EventCountry "INA"]
[SourceTitle "CBM 141 Extra"]
[Source "ChessBase"]
[SourceDate "2011.05.03"]
[SourceVersion "1"]
[SourceVersionDate "2011.05.03"]
[SourceQuality "1"]

1. e4 g6 2. d4 Bg7 3. Nf3 d6 4. h3 Nf6 5. Nc3 c6 6. a4 a5 7. Be2 Na6 8. 0-0 0-0 9. Bg5 h6 10. Be3 Nb4 11. Qd2 Kh7 12. Rfe1 d5 13. e5 Ne4 14. Nxe4 dxe4 15. Nh2 f5 16. exf6 exf6 17. c3 Nd5 18. f3 exf3 19. Nxf3 Nxe3 20. Qxe3 Re8 21. Qd2 Qd6 22. Bd3 Be6 23. Qf2 Bf7 24. Bc2 Kg8 25. Rxe8+ Rxe8 26. Re1 Rxe1+ 27. Qxe1 1/2-1/2

[Event "Jakarta Telin op"]
[Site "Jakarta"]
[Date "2011.04.01"]
[Round "1"]
[White "Sitanggang, Salor"]
[Black "Febriana, Nita Nurmala"]
[Result "1-0"]
[WhiteElo "2383"]
[BlackElo "1955"]
[PlyCount "67"]
[EventDate "2011.04.01"]
[EventType "swiss"]
[EventRounds "9"]
[EventCountry "INA"]
[SourceTitle "CBM 141 Extra"]
[Source "ChessBase"]
[SourceDate "2011.05.03"]
[SourceVersion "1"]
[SourceVersionDate "2011.05.03"]
[SourceQuality "1"]

1. d4 d5 2. Nf3 Nf6 3. c4 c6 4. e3 e6 5. Nc3 Nbd7 6. Qc2 Bd6 7. Bd3 0-0 8. 0-0 e5 9. cxd5 cxd5 10. Nb5 Bb8 11. dxe5 Nxe5 12. Nxe5 Bxe5 13. Bd2 Bd7 14. Nd4 Rc8 15. Qb3 Bc6 16. Bf5 Rb8 17. Qc2 Ne4 18. Bb4 Re8 19. Rad1 Qf6 20. Bg4 Qh4 21. h3 Bxd4 22. Rxd4 h5 23. Bd1 Qg5 24. Qe2 g6 25. Bb3 a6 26. Rfd1 Rbd8 27. Qf3 Re5 28. Qf4 Rf5 29. Qxg5 Nxg5 30. e4 a5 31. Bxa5 Ra8 32. exf5 Rxa5 33. h4 Ne4 34. fxg6 1-0

[Event "Seoul op"]
[Site "Seoul"]
[Date "2008.12.03"]
[Round "5"]
[White "Sitanggang, Salor"]
[Black "Nadanian, Ashot S"]
[Result "1/2-1/2"]
[WhiteElo "2375"]
[BlackElo "2445"]
[PlyCount "63"]
[EventDate "2008.12.01"]
[EventType "swiss"]
[EventRounds "9"]
[EventCountry "KOR"]
[SourceTitle "EXT 2010"]
[Source "ChessBase"]
[SourceDate "2010.11.25"]
[SourceVersion "1"]
[SourceVersionDate "2010.11.25"]
[SourceQuality "1"]

1. d4 Nf6 2. Nf3 h6 3. c4 g5 4. Nc3 g4 5. Nh4 d5 6. g3 c5 7. cxd5 Nxd5 8. Bg2 Nxc3 9. bxc3 cxd4 10. cxd4 Bg7 11. e3 Qa5+ 12. Bd2 Qa6 13. Bf1 Qd6 14. Bg2 Nc6 15. Be4 Nxd4 16. Rc1 Nc6 17. 0-0 0-0 18. Qe2 f5 19. Bxc6 bxc6 20. e4 Qe6 21. Rfe1 Qxe4 22. Qxe4 fxe4 23. Rxc6 Kh7 24. Rc7 Rd8 25. Be3 Bf6 26. Rec1 Ba6 27. h3 Rac8 28. Rxc8 Bxc8 29. hxg4 Bxg4 30. Bxa7 Rd2 31. a3 Bb2 32. Re1 1/2-1/2

[Event "ASEAN Circuit GM-B"]
[Site "Tarakan"]
[Date "2008.01.12"]
[Round "5"]
[White "Sitanggang, Salor"]
[Black "Mahmud, Syarif"]
[Result "1/2-1/2"]
[WhiteElo "2410"]
[BlackElo "2344"]
[PlyCount "58"]
[EventDate "2008.01.08"]
[EventType "tourn"]
[EventRounds "11"]
[EventCountry "INA"]
[EventCategory "6"]
[SourceTitle "CBM 122 Extra"]
[Source "ChessBase"]
[SourceDate "2008.03.04"]
[SourceVersion "1"]
[SourceVersionDate "2008.03.04"]
[SourceQuality "1"]

1. d4 Nf6 2. Nf3 e6 3. c4 b6 4. g3 Ba6 5. b3 Bb4+ 6. Bd2 Be7 7. Bg2 c6 8. Bc3 d5 9. Ne5 Nfd7 10. Nxd7 Nxd7 11. Nd2 0-0 12. 0-0 f5 13. Qc2 b5 14. a4 b4 15. Bb2 Rc8 16. Rac1 Qe8 17. Rfe1 Qh5 18. e3 Nf6 19. Qd1 Qxd1 20. Rexd1 Rfd8 21. Bf1 Bb7 22. Nf3 Ne4 23. Ne5 Bd6 24. f3 Bxe5 25. fxe4 Bf6 26. cxd5 cxd5 27. e5 Bg5 28. Kf2 Rxc1 29. Rxc1 Rc8 1/2-1/2

[Event "Singapore Masters 4th"]
[Site "Singapore"]
[Date "2007.12.20"]
[Round "8"]
[White "Girinath, PDS"]
[Black "Sitanggang, Salor"]
[Result "1/2-1/2"]
[WhiteElo "2448"]
[BlackElo "2410"]
[PlyCount "98"]
[EventDate "2007.12.17"]
[EventType "swiss"]
[EventRounds "9"]
[EventCountry "SIN"]
[SourceTitle "CBM 121 Extra"]
[Source "ChessBase"]
[SourceDate "2008.01.10"]
[SourceVersion "1"]
[SourceVersionDate "2008.01.10"]
[SourceQuality "1"]

1. e4 c5 2. Nf3 d6 3. Bb5+ Nd7 4. d4 cxd4 5. Qxd4 a6 6. Bxd7+ Bxd7 7. c4 Nf6 8. Bg5 Bc6 9. Nc3 e6 10. 0-0 Be7 11. Rfe1 0-0 12. Rad1 Qa5 13. Qd2 Qb6 14. Nd5 Bxd5 15. cxd5 e5 16. Rc1 Rfc8 17. Bxf6 Bxf6 18. Rc3 h6 19. Rec1 Rxc3 20. Qxc3 Bd8 21. b3 Qb5 22. a4 Qd7 23. Qb4 a5 24. Qd2 Kh7 25. h3 Bb6 26. Qe2 g6 27. Rc4 Qe7 28. g3 Bc5 29. Kg2 Rg8 30. Ne1 b6 31. Nd3 Qg5 32. h4 Qe7 33. h5 Qg5 34. hxg6+ fxg6 35. Nxc5 bxc5 36. Rc3 h5 37. Rf3 Qg4 38. Re3 Qxe2 39. Rxe2 g5 40. Re3 Kg6 41. Rc3 Rb8 42. Kf3 Rb4 43. Ke3 h4 44. Kf3 g4+ 45. Kxg4 Rxe4+ 46. Kf3 Rd4 47. gxh4 Rxh4 48. Ke3 Rd4 49. Rc1 Rxd5 1/2-1/2

[Event "Singapore Masters 4th"]
[Site "Singapore"]
[Date "2007.12.18"]
[Round "3"]
[White "Dao, Thien Hai"]
[Black "Sitanggang, Salor"]
[Result "1-0"]
[WhiteElo "2530"]
[BlackElo "2410"]
[PlyCount "131"]
[EventDate "2007.12.17"]
[EventType "swiss"]
[EventRounds "9"]
[EventCountry "SIN"]
[SourceTitle "CBM 121 Extra"]
[Source "ChessBase"]
[SourceDate "2008.01.10"]
[SourceVersion "1"]
[SourceVersionDate "2008.01.10"]
[SourceQuality "1"]

1. d4 d5 2. c4 c6 3. Nf3 Nf6 4. e3 Bf5 5. Nc3 e6 6. Nh4 Bg4 7. Qb3 b6 8. h3 Bh5 9. g4 Bg6 10. Nxg6 hxg6 11. Bg2 Nbd7 12. Bd2 Rc8 13. Rc1 a6 14. cxd5 cxd5 15. Qa4 Ra8 16. g5 Nh5 17. e4 b5 18. Qc2 dxe4 19. Nxe4 Be7 20. 0-0 0-0 21. Qc7 Nb6 22. Qxd8 Raxd8 23. Ba5 Rb8 24. Rc6 Nd5 25. Rfc1 Nhf4 26. Bf1 Ra8 27. a3 b4 28. a4 Bd8 29. Bxd8 Rfxd8 30. a5 Ne7 31. Rxa6 Rxa6 32. Bxa6 Ra8 33. Nc5 Rxa6 34. Nxa6 Ne2+ 35. Kf1 Nxc1 36. Nxb4 Nb3 37. a6 Nc8 38. Nc6 Kf8 39. Ke2 Ke8 40. Kd3 Kd7 41. a7 Nb6 42. Ne5+ Kc7 43. Nxf7 Na5 44. Ne5 Nc6 45. Nxg6 Nxa7 46. h4 Kd7 47. h5 Nd5 48. h6 gxh6 49. gxh6 Nf6 50. Nf8+ Kd6 51. h7 Nxh7 52. Nxh7 Nc6 53. Ke4 Na5 54. Ng5 Nc4 55. b4 Nb6 56. Kd3 Nd5 57. b5 Nb6 58. Ne4+ Kd5 59. Nc3+ Kd6 60. Nd1 Nd5 61. Ne3 Nf4+ 62. Ke4 Nh3 63. Nc4+ Kd7 64. f3 Nf2+ 65. Ke3 Nh3 66. f4 1-0

[Event "Singapore Masters 4th"]
[Site "Singapore"]
[Date "2007.12.17"]
[Round "2"]
[White "Sitanggang, Salor"]
[Black "Nguyen, Anh Dung"]
[Result "1/2-1/2"]
[WhiteElo "2410"]
[BlackElo "2537"]
[PlyCount "45"]
[EventDate "2007.12.17"]
[EventType "swiss"]
[EventRounds "9"]
[EventCountry "SIN"]
[SourceTitle "CBM 121 Extra"]
[Source "ChessBase"]
[SourceDate "2008.01.10"]
[SourceVersion "1"]
[SourceVersionDate "2008.01.10"]
[SourceQuality "1"]

1. d4 Nf6 2. Nf3 b6 3. c4 Bb7 4. Nc3 e6 5. a3 d5 6. Bg5 Be7 7. Rc1 0-0 8. e3 Nbd7 9. cxd5 exd5 10. Bd3 h6 11. Bh4 c5 12. 0-0 Ne4 13. Bxe7 Qxe7 14. Bb5 Ndf6 15. Ne5 Rac8 16. Nxe4 Nxe4 17. Bd7 Rc7 18. Bf5 Rd8 19. h3 Bc8 20. Bxe4 dxe4 21. Qc2 Bb7 22. Rfd1 Rdc8 23. Qd2 1/2-1/2

[Event "Dubai op 09th"]
[Site "Dubai"]
[Date "2007.04.30"]
[Round "9"]
[White "Chiburdanidze, Maia"]
[Black "Sitanggang, Salor"]
[Result "1-0"]
[WhiteElo "2510"]
[BlackElo "2417"]
[PlyCount "71"]
[EventDate "2007.04.22"]
[EventType "swiss"]
[EventRounds "9"]
[EventCountry "UAE"]
[SourceTitle "CBM 118 Extra"]
[Source "ChessBase"]
[SourceDate "2007.07.04"]
[SourceVersion "1"]
[SourceVersionDate "2007.07.04"]
[SourceQuality "1"]

1. d4 Nf6 2. Nf3 g6 3. c4 Bg7 4. g3 0-0 5. Bg2 d6 6. 0-0 Nc6 7. d5 Na5 8. Nfd2 c5 9. a3 Qb6 10. Nc3 a6 11. b4 cxb4 12. Na4 Qc7 13. axb4 Nd7 14. Bb2 Nxc4 15. Bxg7 Kxg7 16. Rc1 b5 17. Nxc4 bxc4 18. Qd4+ Kg8 19. Rxc4 Qb7 20. Rfc1 Rb8 21. f4 Nf6 22. e4 Bd7 23. Nc3 Rfc8 24. Rxc8+ Rxc8 25. e5 Ne8 26. Re1 Bb5 27. Nxb5 axb5 28. Ra1 Ng7 29. Bh3 Rc4 30. Qa7 Rc1+ 31. Kf2 Rc2+ 32. Kg1 Rc1+ 33. Kf2 Rc2+ 34. Ke3 Qxa7+ 35. Rxa7 f5 36. Ra8+ 1-0

[Event "Singapore Masters 3rd"]
[Site "Singapore"]
[Date "2006.12.26"]
[Round "2"]
[White "Gong, Qianyun"]
[Black "Sitanggang, Salor"]
[Result "1-0"]
[WhiteElo "2278"]
[BlackElo "2423"]
[PlyCount "129"]
[EventDate "2006.12.26"]
[EventType "swiss"]
[EventRounds "9"]
[EventCountry "SIN"]
[SourceTitle "CBM 116 Extra"]
[Source "ChessBase"]
[SourceDate "2007.03.07"]
[SourceVersion "1"]
[SourceVersionDate "2007.03.07"]
[SourceQuality "1"]

1. e4 c5 2. Nf3 d6 3. d4 cxd4 4. Nxd4 Nf6 5. Nc3 a6 6. Bg5 e6 7. f4 Qb6 8. a3 Nc6 9. Nb3 h6 10. Bxf6 gxf6 11. Qd2 Bd7 12. 0-0-0 0-0-0 13. Be2 h5 14. Rhf1 Kb8 15. Kb1 Bc8 16. Na4 Qa7 17. c4 Be7 18. Bf3 Bd7 19. Nc3 Qb6 20. Ka2 Na5 21. Nxa5 Qxa5 22. Qe2 h4 23. b4 Qc7 24. Rc1 Rc8 25. Kb3 Bf8 26. Qd3 Bh6 27. Be2 Rhg8 28. Qh3 Bf8 29. Qxh4 Rxg2 30. Rf2 Rg8 31. Bd3 Be7 32. Rfc2 Rh8 33. Qf2 Rh6 34. Rh1 Rch8 35. h4 f5 36. exf5 Bxh4 37. Qf1 Bf6 38. Rxh6 Rxh6 39. Qg2 Rh8 40. Ne4 Bc6 41. Qg4 exf5 42. Qxf5 Bd4 43. Nc3 Qd7 44. b5 Qxf5 45. Bxf5 Bh1 46. Rd2 Bxc3 47. Kxc3 Rh5 48. Bd3 axb5 49. cxb5 Kc7 50. a4 Rh4 51. Rf2 Rh3 52. Kd4 Kb6 53. Bf5 Rb3 54. Kc4 Ra3 55. Kb4 Ra1 56. Rd2 d5 57. Rh2 Be4 58. Rh6+ Ka7 59. Bd7 Rb1+ 60. Kc5 b6+ 61. Kd6 d4 62. Ke5 Bc2 63. Bc6 Bxa4 64. Rh8 Re1+ 65. Kd6 1-0

[Event "Cairnhill op 21st"]
[Site "Singapore"]
[Date "2003.12.07"]
[Round "2"]
[White "Sitanggang, Salor"]
[Black "Sadorra, Julio Catalino"]
[Result "0-1"]
[WhiteElo "2407"]
[BlackElo "2255"]
[PlyCount "92"]
[EventDate "2003.12.07"]
[EventType "swiss"]
[EventRounds "9"]
[EventCountry "SIN"]
[SourceTitle "CBM 097 Extra"]
[Source "ChessBase"]
[SourceDate "2004.01.13"]
[SourceVersion "1"]
[SourceVersionDate "2004.01.13"]
[SourceQuality "1"]

1. e3 d5 2. d4 e6 3. f4 b6 4. Nf3 Bd6 5. Bd3 Ba6 6. Bxa6 Nxa6 7. 0-0 Nf6 8. Nbd2 c5 9. c3 Nc7 10. Ne5 0-0 11. Qf3 Nfe8 12. Qh3 f6 13. Nd3 c4 14. Nf2 f5 15. g4 Qd7 16. Kh1 Nf6 17. Rg1 b5 18. Nf3 Ne4 19. Nxe4 fxe4 20. Nh4 b4 21. Bd2 Rab8 22. Raf1 Be7 23. g5 g6 24. Be1 Rb6 25. Bg3 Ne8 26. f5 exf5 27. Be5 Ng7 28. Rf2 Bd6 29. Bxg7 Qxg7 30. Qf1 Qe7 31. Ng2 Rfb8 32. Ne1 bxc3 33. bxc3 Rb1 34. Qg2 Qc7 35. h4 a5 36. h5 a4 37. Nc2 Rxg1+ 38. Qxg1 Qa5 39. Qe1 Bg3 40. Nb4 Qd8 41. Nc6 Bxf2 42. Qd1 Qxg5 43. Nb4 Qh4+ 44. Kg2 Qg3+ 45. Kf1 Bxe3 46. Nc6 Qf2# 0-1

[Event "Ho Chi Minh City zt 3.2a"]
[Site "Ho Chi Minh City"]
[Date "2003.06.25"]
[Round "6"]
[White "Sadikin The, Irwanto"]
[Black "Sitanggang, Salor"]
[Result "1/2-1/2"]
[WhiteElo "2405"]
[BlackElo "2397"]
[PlyCount "23"]
[EventDate "2003.06.21"]
[EventType "swiss"]
[EventRounds "9"]
[EventCountry "VIE"]
[SourceTitle "CBM 094 Extra"]
[Source "ChessBase"]
[SourceDate "2003.07.09"]
[SourceVersion "2"]
[SourceVersionDate "2003.07.09"]
[SourceQuality "1"]

1. d4 Nf6 2. c4 e6 3. Nf3 d5 4. Nc3 Be7 5. Bg5 0-0 6. e3 dxc4 7. Bxc4 c5 8. 0-0 Nc6 9. dxc5 Qxd1 10. Rfxd1 Bxc5 11. Rac1 Be7 12. Bb5 1/2-1/2

[Event "Ho Chi Minh City zt 3.2a"]
[Site "Ho Chi Minh City"]
[Date "2003.06.24"]
[Round "5"]
[White "Sitanggang, Salor"]
[Black "Villamayor, Buenaventura"]
[Result "1-0"]
[WhiteElo "2397"]
[BlackElo "2484"]
[PlyCount "80"]
[EventDate "2003.06.21"]
[EventType "swiss"]
[EventRounds "9"]
[EventCountry "VIE"]
[SourceTitle "CBM 094 Extra"]
[Source "ChessBase"]
[SourceDate "2003.07.09"]
[SourceVersion "2"]
[SourceVersionDate "2003.07.09"]
[SourceQuality "1"]

1. d4 Nf6 2. Nf3 e6 3. c4 d5 4. Nc3 c6 5. e3 Nbd7 6. Qc2 Bd6 7. Bd3 0-0 8. 0-0 dxc4 9. Bxc4 b5 10. Bd3 Bb7 11. h3 h6 12. e4 e5 13. dxe5 Nxe5 14. Nxe5 Bxe5 15. Be3 Re8 16. Rad1 Qe7 17. Ne2 Bc7 18. f3 Bb6 19. Bf2 Bxf2+ 20. Rxf2 a6 21. a4 Qb4 22. Nc3 Rad8 23. Bf1 Rxd1 24. Qxd1 Qc5 25. Qc2 Nh5 26. Nd1 Qd4 27. axb5 axb5 28. Qd2 Qf6 29. Qe3 g5 30. Rd2 Rd8 31. Nf2 Rxd2 32. Qxd2 Bc8 33. e5 Qe7 34. Qc3 Bd7 35. Ne4 Nf4 36. Nf6+ Kf8 37. h4 Ng6 38. h5 Nf4 39. Qd4 Be8 40. Qd6 Nd5 1-0

[Event "Ho Chi Minh City zt 3.2a"]
[Site "Ho Chi Minh City"]
[Date "2003.06.23"]
[Round "3"]
[White "Sitanggang, Salor"]
[Black "Nguyen, Anh Dung"]
[Result "1/2-1/2"]
[WhiteElo "2397"]
[BlackElo "2530"]
[PlyCount "54"]
[EventDate "2003.06.21"]
[EventType "swiss"]
[EventRounds "9"]
[EventCountry "VIE"]
[SourceTitle "CBM 094 Extra"]
[Source "ChessBase"]
[SourceDate "2003.07.09"]
[SourceVersion "2"]
[SourceVersionDate "2003.07.09"]
[SourceQuality "1"]

1. d4 Nf6 2. Nf3 c5 3. d5 g6 4. c4 Bg7 5. Nc3 0-0 6. e4 d6 7. Be2 e6 8. 0-0 exd5 9. cxd5 a6 10. a4 Bg4 11. h3 Bxf3 12. Bxf3 Nbd7 13. Bf4 Qe7 14. a5 Ne8 15. Bg4 Ne5 16. Be2 Nc7 17. Bg3 Nd7 18. Bd3 Rfb8 19. f4 Bd4+ 20. Kh2 b5 21. axb6 Rxb6 22. Ra2 Rab8 23. Qc2 Qf8 24. Be1 Nb5 25. Ne2 Bf6 26. Ba5 R6b7 27. Bd2 Nc7 1/2-1/2